000 00475nam a22001577a 4500
003 OSt
005 20240416121006.0
008 240416b |||||||| |||| 00| 0 eng d
040 _cMRSPTU
100 _aDeepti,Shyam Sunder (ਸਿਆਮ ਸੁੰਦਰ ਦੀਪਤੀ)
245 _aAIDS (ਏਡਜ਼)
_bਆਓ ਸਿਹਤ ਦੀਆਂ ਗੱਲਾਂ ਕਰੀਏ
250 _a1st
260 _aPunjab
_bTarkbharti Parkashan
_c1998
300 _a36
942 _2ddc
_cBK
_n0
999 _c10048
_d10048